000 00493nam a2200193 a 4500
001 1777626161547
003 YourLibrary
005 20260501143358.0
008 260501s2008##################000#0#eng##
020 _a9780231143691
082 0 4 _a391.65
_bELL
100 1 _aEllis, Juniper,
_eauthor.
245 1 0 _aTattooing the World :
260 _bColumbia University Press,
_c2008.
300 _a291 pages
650 0 _aArt.
942 _cENGLISH
040 _aYourLibrary
_beng
_cYourLibrary
999 _c621725
_d621725